| 000 | 01361nam a22003497a 4500 | ||
|---|---|---|---|
| 003 | EG-ScBUE | ||
| 005 | 20220612101617.0 | ||
| 008 | 140922t2010 mau f d 000 0 eng d | ||
| 020 | _a9781111002381 | ||
| 020 | _a111100238X | ||
| 040 |
_aEG-ScBUE _beng _erda _cEG-ScBUE _dEG-ScBUE |
||
| 082 | 0 | 4 |
_222 _a428.24 _bBRO |
| 100 | 1 |
_936091 _aBroukal, Milada, _eauthor. |
|
| 245 | 1 | 0 |
_aWeaving it together : _bconnecting reading and writing : instructor's manual book 3 and 4 : teaching hints answer key writing handbook / _cMilada Broukal, John Chapman, Patricia Brenner. |
| 246 | 3 | 4 |
_aWeaving it together 3 & 4 : _bconnecting reading and writing : instructor's manual |
| 246 | 3 | 0 |
_aWeaving it together 3 and 4 : _bconnecting reading and writing : instructor's manual |
| 250 | _aThird edition. | ||
| 264 | 1 |
_aBoston, MA : _bHeinle, Cengage Learning, _c[2010] |
|
| 264 | 4 | _cc2010 | |
| 300 |
_a127 pages ; _c28 cm |
||
| 336 |
_2rdacontent _atext _btxt |
||
| 337 |
_2rdamedia _aunmediated _bn |
||
| 338 |
_2rdacarrier _avolume _bnc |
||
| 500 | _aIncludes glossary. | ||
| 650 | 7 |
_aEnglish language _vTextbooks for foreign speakers. _2BUEsh |
|
| 651 | _2BUEsh | ||
| 653 |
_cSeptember2014 _bHHUUEENN |
||
| 655 |
_vReading book _934232 |
||
| 700 | 1 |
_aChapman, John, _eauthor. _936097 |
|
| 700 | 1 |
_aBrenner, Patricia, _eauthor. _936098 |
|
| 942 |
_2ddc _k428.24 BRO _cBB |
||
| 999 |
_c18399 _d18371 |
||